Presenting your research : (Record no. 275911)
[ view plain ]
| 000 -LEADER | |
|---|---|
| fixed length control field | 02000nam a22003375i 4500 |
| 001 - CONTROL NUMBER | |
| control field | SSB064464 |
| 005 - DATE AND TIME OF LATEST TRANSACTION | |
| control field | 20140927093510.0 |
| 008 - FIXED-LENGTH DATA ELEMENTS--GENERAL INFORMATION | |
| fixed length control field | 130802s2014 cau 000 0 eng |
| 010 ## - LIBRARY OF CONGRESS CONTROL NUMBER | |
| LC control number | 2013946899 |
| 020 ## - INTERNATIONAL STANDARD BOOK NUMBER | |
| International Standard Book Number | 9781446275894 (pbk.) |
| 040 ## - CATALOGING SOURCE | |
| Original cataloging agency | DLC |
| Language of cataloging | eng |
| Description conventions | rda |
| Transcribing agency | DLC |
| 042 ## - AUTHENTICATION CODE | |
| Authentication code | pcc |
| 050 ## - LIBRARY OF CONGRESS CALL NUMBER | |
| Classification number | LB 1028 |
| Item number | .B388 2014 |
| 100 1# - MAIN ENTRY--PERSONAL NAME | |
| Personal name | Becker, Lucinda. |
| 245 10 - TITLE STATEMENT | |
| Title | Presenting your research : |
| Remainder of title | conferences, symposiums, poster presentations and beyond / |
| Statement of responsibility, etc | Lucinda Becker. |
| 260 ## - PUBLICATION, DISTRIBUTION, ETC. (IMPRINT) | |
| Place of publication, distribution, etc | London : |
| Name of publisher, distributor, etc | SAGE Publication Ltd., |
| Date of publication, distribution, etc | c2014. |
| 263 ## - PROJECTED PUBLICATION DATE | |
| Projected publication date | 1402. |
| 300 ## - PHYSICAL DESCRIPTION | |
| Extent | viii, 147 pages : |
| Other physical details | illustrations ; |
| Dimensions | 24 cm. |
| 440 ## - SERIES STATEMENT/ADDED ENTRY--TITLE | |
| Title | Success in research. |
| 500 ## - GENERAL NOTE | |
| General note | Includes index. |
| 505 0# - FORMATTED CONTENTS NOTE | |
| Formatted contents note | One. Introduction -- Two..When and where should I give a paper? -- Three..Calls for papers: how the conference system works -- Four..Preparing an abstract/outline/synopsis -- Five..Conference paper or presentation? -- Six..Choosing material for an event -- Seven..Preparing your material -- Eight..Presentation aids -- Nine..Preparing to present -- Ten..Delivering your material -- Eleven..Using your nerves -- Twelve..Handling questions -- Thirteen..Poster presentations -- Fourteen..Making the most of the presentation opportunity. |
| 520 ## - SUMMARY, ETC. | |
| Summary, etc | For many researchers, the need to present relevant and engaging material in the most effective way in an unfamiliar setting presents a potential barrier to their success as professionals. This handy guide tackles the obstacles to effective and successful presentations, considering the range of material which might be presented, the occasions which suit different types of material and the skills needed to present research in a way that is engaging and persuasive. |
| 546 ## - LANGUAGE NOTE | |
| Language note | Text in English. |
| 650 #0 - SUBJECT ADDED ENTRY--TOPICAL TERM | |
| Topical term or geographic name as entry element | Education |
| General subdivision | Research. |
| 650 #0 - SUBJECT ADDED ENTRY--TOPICAL TERM | |
| Topical term or geographic name as entry element | Communication in education. |
| 650 #0 - SUBJECT ADDED ENTRY--TOPICAL TERM | |
| Topical term or geographic name as entry element | Technical writing. |
| 650 #0 - SUBJECT ADDED ENTRY--TOPICAL TERM | |
| Topical term or geographic name as entry element | Academic writing |
| General subdivision | Publishing. |
| 650 #0 - SUBJECT ADDED ENTRY--TOPICAL TERM | |
| Topical term or geographic name as entry element | Authorship |
| General subdivision | Marketing. |
| 650 #0 - SUBJECT ADDED ENTRY--TOPICAL TERM | |
| Topical term or geographic name as entry element | Public speaking. |
| 942 ## - ADDED ENTRY ELEMENTS (KOHA) | |
| Source of classification or shelving scheme | Library of Congress Classification |
| Koha item type | Books |
| Withdrawn status | Lost status | Source of classification or shelving scheme | Damaged status | Home library | Current library | Shelving location | Date acquired | Source of acquisition | Cost, normal purchase price | Total Checkouts | Total Renewals | Full call number | Barcode | Date last seen | Date checked out | Price effective from | Koha item type |
|---|---|---|---|---|---|---|---|---|---|---|---|---|---|---|---|---|---|
| Library of Congress Classification | College Library | College Library | Reserve Section | 09/27/2014 | Library Fund | 2319.00 | 2 | 11 | LB 1028 .B388 2014 | C18699 | 05/15/2018 | 11/15/2016 | 09/27/2014 | Books |